[Event "Verbandsliga Sued Baden 1213"]
[Site "Baden"]
[Date "2012.10.21"]
[Round "1.1"]
[White "Engelmann, Herve"]
[Black "Hommeles, Theo"]
[Result "0-1"]
[WhiteElo "2082"]
[BlackElo "2410"]
[PlyCount "102"]
[EventDate "2012.10.21"]
[EventType "team-tourn"]
[EventRounds "9"]
[EventCountry "GER"]
[SourceTitle "EXT 2014"]
[Source "ChessBase"]
[SourceDate "2013.11.20"]
[SourceVersion "1"]
[SourceVersionDate "2013.11.20"]
[SourceQuality "1"]
[WhiteTeam "Oberkirch"]
[BlackTeam "Konstanz"]
[WhiteTeamCountry "GER"]
[BlackTeamCountry "GER"]

1. e4 g6 2. d4 Bg7 3. Nc3 c6 4. Nf3 d5 5. e5 f6 6. Bf4 Bg4 7. h3 Bxf3 8. Qxf3 fxe5 9. Bxe5 Bxe5 10. dxe5 e6 11. Qg4 Qe7 12. Bd3 Nh6 13. Qg3 Nf5 14. Bxf5 gxf5 15. 0-0 Nd7 16. b4 0-0-0 17. b5 Rhg8 18. Qf4 Qg7 19. g3 Qxe5 20. Qf3 Qd4 21. Ne2 Qe4 22. Qxe4 fxe4 23. bxc6 bxc6 24. Nd4 Ne5 25. Nxe6 Rde8 26. Nc5 h5 27. Kg2 Nd7 28. Nxd7 Kxd7 29. Rab1 Rb8 30. c3 Kd6 31. Rb3 Kc5 32. Rfb1 Rb5 33. Kf1 Rf8 34. Re1 Kc4 35. Rxb5 cxb5 36. Re3 Rf6 37. g4 h4 38. f3 b4 39. cxb4 d4 40. g5 Rf8 41. Rxe4 Rxf3+ 42. Ke1 Rxh3 43. Rg4 Kc3 44. g6 d3 45. Rg1 Rh2 46. g7 Kc2 47. Kf1 d2 48. Rg2 Rh1+ 49. Kf2 d1Q 50. g8Q Qd3 51. Qc8+ Kd2 0-1

[Event "Alsace-Baden m"]
[Site "Gambsheim"]
[Date "2011.09.18"]
[Round "?"]
[White "Mader, Manuela"]
[Black "Engelmann, Herve"]
[Result "1-0"]
[WhiteElo "2190"]
[BlackElo "2067"]
[PlyCount "69"]
[EventDate "2011.09.18"]
[EventType "team-match"]
[EventRounds "1"]
[EventCountry "FRA"]
[SourceTitle "CBM 144 Extra"]
[Source "ChessBase"]
[SourceDate "2011.10.28"]
[SourceVersion "1"]
[SourceVersionDate "2011.10.28"]
[SourceQuality "1"]
[WhiteTeam "Baden"]
[BlackTeam "Alsace"]
[WhiteTeamCountry "GER"]
[BlackTeamCountry "FRA"]

1. e4 e5 2. Nf3 Nc6 3. Bb5 a6 4. Bxc6 dxc6 5. 0-0 Bg4 6. h3 h5 7. d3 Qf6 8. Nbd2 Ne7 9. Nc4 Bxf3 10. Qxf3 Qxf3 11. gxf3 Ng6 12. Be3 Bd6 13. Rfd1 0-0-0 14. Kf1 f6 15. c3 Nh4 16. Ke2 g5 17. d4 Rde8 18. d5 c5 19. a4 Rhg8 20. Rg1 Rg7 21. Bd2 Ng6 22. Rab1 Reg8 23. b4 cxb4 24. cxb4 Nh4 25. Ne3 Rf7 26. Nc4 Rfg7 27. Rgc1 Kd7 28. b5 axb5 29. Rxb5 g4 30. fxg4 hxg4 31. hxg4 Rxg4 32. Kd3 Nf3 33. Nxd6 Nxd2 34. Rxb7 Kxd6 35. Rc6+ 1-0

[Event "FRA-chT2 1011"]
[Site "France"]
[Date "2010.11.13"]
[Round "2.4"]
[White "Engelmann, Herve"]
[Black "Buchy, Daniel"]
[Result "1/2-1/2"]
[WhiteElo "2029"]
[BlackElo "2117"]
[PlyCount "46"]
[EventDate "2010.10.17"]
[EventType "team-tourn"]
[EventRounds "11"]
[EventCountry "FRA"]
[SourceTitle "EXT 2012"]
[Source "ChessBase"]
[SourceDate "2011.11.24"]
[SourceVersion "1"]
[SourceVersionDate "2011.11.24"]
[SourceQuality "1"]

1. e4 c5 2. c3 d5 3. exd5 Qxd5 4. d4 cxd4 5. cxd4 e6 6. Nf3 Nc6 7. Nc3 Bb4 8. Bd3 Nge7 9. 0-0 Bxc3 10. bxc3 h6 11. Re1 0-0 12. Ne5 Nxe5 13. Rxe5 Qc6 14. Ba3 Qc7 15. Rc5 Qd8 16. Qh5 Nd5 17. Bc1 Qf6 18. Be4 b6 19. Rc6 Qe7 20. Bxd5 exd5 21. Bxh6 Bb7 22. Bxg7 Kxg7 23. Qg4+ Kh7 1/2-1/2

[Event "FRA-chT2 0910"]
[Site "France"]
[Date "2009.12.12"]
[Round "5.6"]
[White "Engelmann, Herve"]
[Black "Viennot, Dylan"]
[Result "0-1"]
[WhiteElo "2087"]
[BlackElo "1939"]
[PlyCount "36"]
[EventDate "2009.09.27"]
[EventType "team-tourn"]
[EventRounds "11"]
[EventCountry "FRA"]
[SourceTitle "EXT 2011"]
[Source "ChessBase"]
[SourceDate "2010.11.26"]
[SourceVersion "1"]
[SourceVersionDate "2010.11.26"]
[SourceQuality "1"]

1. e4 c5 2. Nf3 Nc6 3. d4 cxd4 4. Nxd4 e5 5. Nb5 d6 6. N1c3 a6 7. Na3 b5 8. Nd5 Nge7 9. Bg5 Be6 10. c3 h6 11. Bh4 Rb8 12. Bd3 Qd7 13. Qf3 Ng6 14. Bg3 Be7 15. Ne3 Nf4 16. Nf5 Bf6 17. Bxf4 exf4 18. Qxf4 Ne5 0-1

[Event "Wasselonne op"]
[Site "Wasselonne"]
[Date "2009.08.08"]
[Round "4"]
[White "Breffi, Nicolas"]
[Black "Engelmann, Herve"]
[Result "0-1"]
[WhiteElo "1835"]
[BlackElo "2045"]
[PlyCount "80"]
[EventDate "2009.08.06"]
[EventType "swiss"]
[EventRounds "7"]
[EventCountry "FRA"]
[SourceTitle "EXT 2011"]
[Source "ChessBase"]
[SourceDate "2010.11.26"]
[SourceVersion "1"]
[SourceVersionDate "2010.11.26"]
[SourceQuality "1"]

1. e4 e5 2. Nf3 Nc6 3. Bc4 Nf6 4. d3 Be7 5. 0-0 d6 6. h3 0-0 7. c3 a6 8. b4 d5 9. exd5 Nxd5 10. Re1 Bf6 11. Bb2 Nf4 12. Re3 Bf5 13. Ne1 e4 14. d4 b5 15. Be2 Nd5 16. Bg4 Nxe3 17. fxe3 Qd7 18. Bxf5 Qxf5 19. g4 Qd5 20. Ng2 Qd6 21. Nd2 Rfe8 22. Qc2 Qe7 23. Nf4 Rad8 24. a4 Bg5 25. Rf1 Bxf4 26. Rxf4 Qh4 27. Kg2 Qe1 28. Nf1 Ne7 29. Rf2 Nd5 30. Re2 Qh4 31. Ng3 g6 32. a5 Rd6 33. Bc1 f5 34. gxf5 gxf5 35. Kh2 Rh6 36. Rg2 Qxh3+ 37. Kg1 Rg6 38. Kf2 f4 39. exf4 e3+ 40. Kf3 Qg4# 0-1

[Event "Wasselonne op"]
[Site "Wasselonne"]
[Date "2009.08.06"]
[Round "1"]
[White "Casner, Thibaud"]
[Black "Engelmann, Herve"]
[Result "0-1"]
[WhiteElo "1690"]
[BlackElo "2045"]
[PlyCount "94"]
[EventDate "2009.08.06"]
[EventType "swiss"]
[EventRounds "7"]
[EventCountry "FRA"]
[SourceTitle "EXT 2011"]
[Source "ChessBase"]
[SourceDate "2010.11.26"]
[SourceVersion "1"]
[SourceVersionDate "2010.11.26"]
[SourceQuality "1"]

1. e4 e5 2. Nf3 Nc6 3. Bc4 Nf6 4. d3 Be7 5. 0-0 d6 6. Be3 0-0 7. Nc3 Bg4 8. Re1 a6 9. Qe2 Na5 10. b3 b5 11. b4 Nxc4 12. dxc4 bxc4 13. Qxc4 c6 14. Rad1 Bxf3 15. gxf3 Qd7 16. Qd3 Qh3 17. Bg5 Kh8 18. Ne2 Qe6 19. c4 Rfd8 20. Ng3 g6 21. Re2 Ng8 22. Be3 h5 23. f4 exf4 24. Bxf4 h4 25. Nh1 Qg4+ 26. Bg3 hxg3 27. Nxg3 Bf6 28. Red2 Be5 29. Qf1 Nf6 30. Rd3 Kg7 31. f4 Bxf4 32. Rf3 Be5 33. Rd2 Bxg3 34. Rxg3 Qxe4 35. Rf2 Qe6 36. Rgf3 Qg4+ 37. Kh1 Qe4 38. Kg1 Nh5 39. Rxf7+ Kg8 40. Re2 Qd4+ 41. Kh1 Re8 42. Rd7 Rf8 43. Qg2 Qd1+ 44. Qg1 Rf1 45. Rg2 Rxg1+ 46. Rxg1 Qf3+ 47. Rg2 Nf4 0-1

[Event "FRA-chT2 East 0809"]
[Site "France"]
[Date "2009.04.05"]
[Round "11.6"]
[White "Engelmann, Herve"]
[Black "Steil Antoni, Fiona"]
[Result "1/2-1/2"]
[WhiteElo "2018"]
[BlackElo "2143"]
[PlyCount "46"]
[EventDate "2008.10.19"]
[EventType "team-tourn"]
[EventRounds "11"]
[EventCountry "FRA"]
[SourceTitle "EXT 2010"]
[Source "ChessBase"]
[SourceDate "2010.11.25"]
[SourceVersion "1"]
[SourceVersionDate "2010.11.25"]
[SourceQuality "1"]
[WhiteTeam "Gambsheim"]
[BlackTeam "Vandoeuvre II"]
[WhiteTeamCountry "FRA"]
[BlackTeamCountry "FRA"]

1. e4 e5 2. Nf3 Nc6 3. Bc4 Bc5 4. c3 Nf6 5. d3 d6 6. h3 0-0 7. 0-0 h6 8. Bb3 a6 9. Nbd2 Ba7 10. Re1 Nh5 11. Nf1 Qf6 12. Be3 Nf4 13. Ng3 g6 14. d4 h5 15. Bc2 h4 16. Nf1 Kg7 17. d5 Ne7 18. Bxa7 Rxa7 19. Ne3 Rh8 20. Rf1 g5 21. Nh2 Ra8 22. Nhg4 Qg6 23. Qb1 f6 1/2-1/2

[Event "FRA-chT2 East 0809"]
[Site "France"]
[Date "2008.12.14"]
[Round "4.5"]
[White "Engelmann, Herve"]
[Black "Veit, Michel"]
[Result "1-0"]
[WhiteElo "2018"]
[BlackElo "2031"]
[PlyCount "57"]
[EventDate "2008.10.19"]
[EventType "team-tourn"]
[EventRounds "11"]
[EventCountry "FRA"]
[SourceTitle "EXT 2010"]
[Source "ChessBase"]
[SourceDate "2010.11.25"]
[SourceVersion "1"]
[SourceVersionDate "2010.11.25"]
[SourceQuality "1"]
[WhiteTeam "Gambsheim"]
[BlackTeam "Bischwiller II"]
[WhiteTeamCountry "FRA"]
[BlackTeamCountry "FRA"]

1. e4 e6 2. d4 d5 3. Nc3 Nf6 4. Bg5 Bb4 5. e5 h6 6. Bd2 Bxc3 7. bxc3 Ne4 8. Qg4 b6 9. h4 Qe7 10. h5 g6 11. Bd3 Nxd2 12. Kxd2 c5 13. Bb5+ Nd7 14. Ne2 a6 15. Bxd7+ Bxd7 16. a4 c4 17. Rhb1 Bc6 18. Rxb6 a5 19. Qf3 Kd7 20. g4 Rhf8 21. Ng3 f6 22. Rab1 Rac8 23. Qe3 Rc7 24. Re1 fxe5 25. dxe5 Kc8 26. Ne2 Bxa4 27. Ra1 Qd7 28. Nd4 Re8 29. Rd6 1-0

[Event "FRA-chT1B 0708"]
[Site "France"]
[Date "2008.03.16"]
[Round "9.7"]
[White "Engelmann, Herve"]
[Black "Safranska, Anda"]
[Result "0-1"]
[WhiteElo "2082"]
[BlackElo "2294"]
[PlyCount "59"]
[EventDate "2007.10.21"]
[EventType "team"]
[EventRounds "11"]
[EventCountry "FRA"]
[SourceTitle "EXT 2009"]
[Source "ChessBase"]
[SourceDate "2008.11.26"]
[SourceVersion "1"]
[SourceVersionDate "2008.11.26"]
[SourceQuality "1"]
[WhiteTeam "Gambsheim"]
[BlackTeam "Lyon Olympique"]
[WhiteTeamCountry "FRA"]
[BlackTeamCountry "FRA"]

1. e4 g6 2. d4 Bg7 3. Nf3 d6 4. Nc3 Nf6 5. Be2 0-0 6. 0-0 Nc6 7. h3 a6 8. Be3 e5 9. d5 Ne7 10. Nd2 Nd7 11. a4 f5 12. f3 Kh8 13. a5 Ng8 14. Na4 Bh6 15. Bxh6 Nxh6 16. c4 Nf6 17. b4 Nh5 18. Ra3 Qg5 19. Rf2 Ng8 20. Nc3 Nf4 21. Kh2 Nf6 22. c5 N6h5 23. Nf1 Qh4 24. Kg1 fxe4 25. Nxe4 Bxh3 26. g3 Nxe2+ 27. Qxe2 Qe7 28. cxd6 cxd6 29. Qc2 Nf6 30. Nfd2 0-1

[Event "FRA-chT2 East 0607"]
[Site "France"]
[Date "2007.03.31"]
[Round "10.6"]
[White "Engelmann, Herve"]
[Black "Mangone, Pierre"]
[Result "1-0"]
[WhiteElo "2082"]
[BlackElo "2045"]
[PlyCount "67"]
[EventDate "2006.10.15"]
[EventType "team"]
[EventRounds "11"]
[EventCountry "FRA"]
[SourceTitle "EXT 2008"]
[Source "ChessBase"]
[SourceDate "2007.11.25"]
[SourceVersion "1"]
[SourceVersionDate "2007.11.25"]
[SourceQuality "1"]
[WhiteTeam "Gambsheim"]
[BlackTeam "Gueugnon"]
[WhiteTeamCountry "FRA"]
[BlackTeamCountry "FRA"]

1. e4 c5 2. Nf3 d6 3. d4 cxd4 4. Nxd4 Nf6 5. Nc3 a6 6. Be3 g6 7. f3 Bg7 8. h4 h5 9. Be2 b5 10. Qd2 Bb7 11. 0-0-0 Nbd7 12. Rdg1 Ne5 13. Kb1 Rc8 14. Nd5 Nc4 15. Bxc4 Rxc4 16. Nb3 Bxd5 17. exd5 Qd7 18. Na5 Rc8 19. Bd4 Qf5 20. Nc6 e5 21. Be3 Qd7 22. Na5 Qc7 23. Bg5 Nd7 24. g4 Nb6 25. gxh5 Rxh5 26. Qd3 Nc4 27. Nc6 Nb6 28. Ne7 Ra8 29. Nxg6 fxg6 30. Qxg6+ Qf7 31. Qxd6 Nd7 32. f4 Bf8 33. Qc6 Rb8 34. fxe5 1-0

[Event "FRA-chT2D 0506"]
[Site "France"]
[Date "2005.12.04"]
[Round "4.8"]
[White "Moingt, Anne"]
[Black "Engelmann, Herve"]
[Result "0-1"]
[WhiteElo "2189"]
[BlackElo "2010"]
[PlyCount "100"]
[EventDate "2005.10.27"]
[EventType "team-tourn"]
[EventRounds "11"]
[EventCountry "FRA"]
[SourceTitle "EXT 2006"]
[Source "ChessBase"]
[SourceDate "2005.11.24"]
[SourceVersion "1"]
[SourceVersionDate "2005.11.24"]
[SourceQuality "1"]
[WhiteTeam "Mulhouse"]
[BlackTeam "Gambsheim"]
[WhiteTeamCountry "FRA"]
[BlackTeamCountry "FRA"]

1. e4 e5 2. Nf3 Nc6 3. Bb5 a6 4. Ba4 Nf6 5. 0-0 Be7 6. Re1 b5 7. Bb3 0-0 8. c3 d5 9. exd5 Nxd5 10. Nxe5 Nxe5 11. Rxe5 c6 12. d3 Bd6 13. Re1 Qh4 14. g3 Qh3 15. Re4 Qf5 16. Bc2 Qg6 17. Re1 Bf5 18. Be3 Rae8 19. Qd2 Nxe3 20. Rxe3 Bf4 21. Na3 Bxe3 22. fxe3 Rd8 23. d4 Rfe8 24. Rf1 Bxc2 25. Nxc2 Re6 26. Ne1 Rf6 27. Rxf6 Qxf6 28. Nd3 Qf5 29. Qe2 Re8 30. a3 a5 31. Nc5 Qb1+ 32. Kg2 f5 33. a4 Qc1 34. Kf2 Qh1 35. h4 Qh2+ 36. Kf3 Qh1+ 37. Kf2 f4 38. gxf4 Qxh4+ 39. Kf3 g5 40. Qg2 Qh5+ 41. Kf2 g4 42. e4 Qg6 43. axb5 cxb5 44. Kg3 h5 45. e5 Rf8 46. Qd5+ Kh8 47. e6 h4+ 48. Kh2 Qc2+ 49. Qg2 g3+ 50. Kh3 Qf5+ 0-1

[Event "FRA-chT2D 0506"]
[Site "France"]
[Date "2005.10.16"]
[Round "1.8"]
[White "Engelmann, Herve"]
[Black "Rehm, Bernard"]
[Result "1/2-1/2"]
[WhiteElo "2010"]
[BlackElo "2104"]
[PlyCount "68"]
[EventDate "2005.10.27"]
[EventType "team-tourn"]
[EventRounds "11"]
[EventCountry "FRA"]
[SourceTitle "EXT 2006"]
[Source "ChessBase"]
[SourceDate "2005.11.24"]
[SourceVersion "1"]
[SourceVersionDate "2005.11.24"]
[SourceQuality "1"]
[WhiteTeam "Gambsheim"]
[BlackTeam "Selestat"]
[WhiteTeamCountry "FRA"]
[BlackTeamCountry "FRA"]

1. e4 e6 2. d4 d5 3. e5 c5 4. c3 Qb6 5. Nf3 Bd7 6. Be2 cxd4 7. cxd4 Bb5 8. Nc3 Bb4 9. 0-0 Bxc3 10. bxc3 Bxe2 11. Qxe2 Ne7 12. h4 Qa6 13. Qe3 h6 14. g4 Nbc6 15. Nd2 h5 16. f3 hxg4 17. fxg4 Rxh4 18. Qf4 Qd3 19. Nf3 Rh1+ 20. Kxh1 Qxf1+ 21. Ng1 Qd3 22. Qf3 Qg6 23. Ba3 Kd7 24. Rb1 Rh8+ 25. Kg2 Rh4 26. Bxe7 Nxe7 27. Nh3 Rxg4+ 28. Kh2 Nf5 29. Qe2 a6 30. Qc2 Ke7 31. Qb2 b5 32. Qa3+ Ke8 33. Qxa6 Rg2+ 34. Kh1 Qg3 1/2-1/2

[Event "FRA-chT2"]
[Site "France"]
[Date "2002.03.??"]
[Round "10"]
[White "Hartweg, Nicolas"]
[Black "Engelmann, Herve"]
[Result "1-0"]
[WhiteElo "2082"]
[BlackElo "1990"]
[PlyCount "81"]
[EventDate "2002.??.??"]
[EventType "team"]
[EventRounds "11"]
[EventCountry "FRA"]
[SourceTitle "EXT 2003"]
[Source "ChessBase"]
[SourceDate "2002.11.25"]
[SourceVersion "1"]
[SourceVersionDate "2002.11.25"]
[SourceQuality "1"]

1. d4 d5 2. c4 c6 3. Nc3 Nf6 4. Nf3 e6 5. e3 Bd6 6. Bd3 dxc4 7. Bxc4 b5 8. Bd3 Nbd7 9. 0-0 a6 10. e4 e5 11. Be3 0-0 12. Kh1 Re8 13. dxe5 Nxe5 14. Nxe5 Bxe5 15. f4 Bxc3 16. bxc3 Bg4 17. Qc2 g6 18. Bd4 Rc8 19. h3 Bd7 20. Rae1 Nh5 21. Qf2 c5 22. Bxc5 Bxh3 23. Bd4 Bd7 24. f5 gxf5 25. g4 Ng7 26. gxf5 f6 27. Qh4 Rf8 28. Rg1 Bc6 29. Qh6 Rc7 30. Rg3 Kh8 31. Reg1 Rff7 32. Rxg7 Rxg7 33. Bxf6 Qf8 34. Bxg7+ Rxg7 35. Rxg7 Qxg7 36. Qxc6 Qg3 37. Qf6+ Kg8 38. Qd4 Qh4+ 39. Kg2 Qg4+ 40. Kf2 Qf4+ 41. Ke2 1-0

[Event "FRA-chT2"]
[Site "France"]
[Date "2002.02.??"]
[Round "7"]
[White "Engelmann, Herve"]
[Black "Grill, Marc"]
[Result "1/2-1/2"]
[WhiteElo "1990"]
[BlackElo "2132"]
[PlyCount "93"]
[EventDate "2002.??.??"]
[EventType "team"]
[EventRounds "11"]
[EventCountry "FRA"]
[SourceTitle "EXT 2003"]
[Source "ChessBase"]
[SourceDate "2002.11.25"]
[SourceVersion "1"]
[SourceVersionDate "2002.11.25"]
[SourceQuality "1"]

1. e4 e5 2. Nf3 Nc6 3. Bc4 Nf6 4. Ng5 d5 5. exd5 Na5 6. Bb5+ c6 7. dxc6 bxc6 8. Qf3 Qb6 9. Bd3 Bd6 10. Nc3 h6 11. Nce4 Be7 12. Nxf6+ gxf6 13. Nh7 f5 14. Bxf5 Bxf5 15. Qxf5 c5 16. Qxe5 Qe6 17. Qxe6 fxe6 18. 0-0 Rxh7 19. Re1 Kf7 20. d3 Rb8 21. Bd2 Nc6 22. Bc3 Bf6 23. Bxf6 Kxf6 24. b3 Rg7 25. Re4 Nd4 26. c3 Nb5 27. Rc4 Rg5 28. Kf1 Rd8 29. Rd1 Rgd5 30. Rf4+ Kg5 31. Rc4 Nd6 32. Ra4 Rd7 33. d4 Nb5 34. Rc1 Rf5 35. dxc5 Rxc5 36. Ra5 Rdc7 37. c4 Nd4 38. Rxc5+ Rxc5 39. Rd1 e5 40. f3 Ra5 41. Rd2 Kf4 42. Kf2 Rc5 43. g3+ Kf5 44. Ke3 a5 45. g4+ Ke6 46. Ke4 a4 47. bxa4 1/2-1/2